000
00268nam a22001097a 4500
082
_a
669 GOR'P
100
_a
GORDON, PAUL
_9
77975
245
_a
PRINCIPLES OF PHASE DIAGRAMS IN MATERIALS SYSTEMS
260
_a
NEWYORK
_b
MCGRAW HILL
_c
1968
300
_a
232P
942
_c
BK
999
_c
583140
_d
583140